QUANTITATIVE CONCEPTS FOR MANAGEMENT : (Record no. 6307)

MARC details
000 -LEADER
fixed length control field 00413nam a22001217a 4500
008 - FIXED-LENGTH DATA ELEMENTS--GENERAL INFORMATION
fixed length control field 180528b ||||| |||| 00| 0 eng d
020 ## - INTERNATIONAL STANDARD BOOK NUMBER
International Standard Book Number 0137470495.
082 ## -
Classification number 658.403 3 EPP
100 ## - MAIN ENTRY--PERSONAL NAME
Personal name EPPEN GARY D.
Titles and other words associated with a name GOULD F.J.,SCHMIDT CHARLES
245 ## - TITLE STATEMENT
Title QUANTITATIVE CONCEPTS FOR MANAGEMENT :
Remainder of title DECISION MAKING WITHOUT ALGORITHMS
250 ## - EDITION STATEMENT
Edition statement 3rd ED.
260 ## - PUBLICATION, DISTRIBUTION, ETC. (IMPRINT)
Place of publication, distribution, etc. ENGLEWOOD CLIFFS,
Name of publisher, distributor, etc. PRENTICW-HALL INTERNATIONAL, INC.
Date of publication, distribution, etc. 1988.
Holdings
Withdrawn status Lost status Source of classification or shelving scheme Damaged status Koha normalized classification for sorting Not for loan Home library Current library Shelving location Date acquired Total Checkouts Full call number Barcode Date last seen Price effective from Koha item type
    Dewey Decimal Classification   658_403000000000000_3_EPP   Dodoma Dodoma Ground Floor 28/05/2018   658.403 3 EPP 0000000016862 29/07/2019 28/05/2018 BOOKS

IRDP © 2021 :: Managed by ICT Team